Pokémon : Les capacités à aura - Statistiques

Statistiques générales
  • Ce quiz a été pris 15 fois
  • Le résultat moyen est 4 sur 7
Statistiques - réponses
Type de quiz Puissance Capacité % Correct
Combat 80 Aurasphère
100%
Eau 60 Vibraqua
64%
Dragon 85 Draco-Choc
50%
Eau 110 Onde Originelle
43%
Ténèbres 80 Vibrobscur
43%
Psy - Vibra Soin
36%
Normal 50 Champlification
14%
Aucun quiz correspondant
Distribution des résultats
% des personnes avec chaque résultat
Percentile par nombre de réponses
Votre historique - résultats
Vous n’avez pas pris ce quiz